书目信息 |
| 题名: |
分子免疫学基础
|
|
| 作者: | 王重庆 | |
| 分册: | ||
| 出版信息: | 北京 北京大学出版社 1997 |
|
| 页数: | 272 | |
| 开本: | 26cm | |
| 丛书名: | ||
| 单 册: | ||
| 中图分类: | Q939.91 | |
| 科图分类: | ||
| 主题词: | 微生物学--应用 | |
| 电子资源: | ||
| ISBN: | 7-301-03034-7 | |
| 000 | 00514nam0 2200181 450 | |
| 001 | 0741144344 | |
| 005 | 20070817112544.34 | |
| 010 | @a7-301-03034-7@d¥25.00 | |
| 100 | @a20070817d km y0chiy0120 ea | |
| 101 | 0 | @achi |
| 200 | 1 | @a分子免疫学基础@Afen zi mian yi xue ji chu@f王重庆@Fwang chong qing |
| 210 | @a北京@c北京大学出版社@d1997 | |
| 215 | @a272@d26cm | |
| 606 | 0 | @a微生物学@x应用 |
| 690 | @aQ939.91@v3 | |
| 701 | 0 | @a王重庆@Awang chong qing |
| 801 | 0 | @aCN@bPFT@c20070817 |
| 905 | @a213230@dQ939.91@en1@f1 | |
| 分子免疫学基础/王重庆.-北京:北京大学出版社,1997 |
| 272;26cm |
| ISBN 7-301-03034-7:¥25.00 |
| ● |
| 相关链接 |
|
|
|
|
正题名:分子免疫学基础
索取号:Q939.91/n1
 
预约/预借
| 序号 | 登录号 | 条形码 | 馆藏地/架位号 | 状态 | 备注 |
| 1 | 6600319 | 266003193 | 密集书库-生命科学系/ [索取号:Q939.91/n1] | 在馆 | |
| 2 | 6600320 | 266003200 | 密集书库-生命科学系/ [索取号:Q939.91/n1] | 在馆 | |
| 3 | 6600321 | 266003219 | 密集书库-生命科学系/ [索取号:Q939.91/n1] | 在馆 |